[Event "ch-FRA Blitz Online Qual"]
[Site "Europe-Chess INT"]
[Date "2020.05.16"]
[Round "9"]
[White "Le Brech, Cyril"]
[Black "Pichon, Ewen"]
[Result "1/2-1/2"]
[WhiteElo "1986"]
[BlackElo "1821"]
[WhiteFideId "20675186"]
[BlackFideId "45155593"]
[EventDate "2020.05.16"]

1. e4 d5 2. exd5 Nf6 3. d4 Bg4 4. Be2 Bxe2 5. Qxe2 Qxd5 6. Nf3 Nc6 7. c4 Qh5 8.
Nc3 e6 9. Be3 Be7 10. a3 h6 11. b4 a6 12. b5 axb5 13. Nxb5 O-O 14. O-O Bd6 15.
Nxd6 cxd6 16. h3 d5 17. c5 Ne4 18. Qb2 Ra7 19. Rfb1 Rfa8 20. a4 Na5 21. Ne5 f6
22. Nf3 Nc4 23. Qb4 Qf7 24. Bc1 e5 25. dxe5 fxe5 26. Bb2 Nxf2 27. Nxe5 Nxe5 28.
Bxe5 Nd3 29. Qd4 Nxe5 30. Qxe5 Rxa4 31. Rxa4 Rxa4 32. Qb8+ Kh7 33. Qxb7 Qxb7 34.
Rxb7 Rc4 35. Rc7 Rc2 36. c6 d4 37. Rd7 Rxc6 38. Rxd4 Rc2 39. Kh2 Kg6 40. Rd5 Kf6
41. Ra5 g6 42. h4 h5 43. Kh3 Rc4 44. Ra6+ Kf5 45. g3 Rc3 46. Ra8 Ke4 47. Rf8 Rc6
48. Rf4+ Ke5 49. Rf3 Rc2 50. g4 hxg4+ 51. Kxg4 Rg2+ 52. Kh3 Rg1 53. Rf8 Ke6 54.
Rf2 Ke5 55. Kh2 Rg4 56. Kh3 Rg1 57. Ra2 Kf5 58. Ra5+ Kf4 59. Ra4+ Kf3 60. Ra3+
Kf4 61. Ra4+ Kf3 62. Ra3+ Ke4 63. Kh2 Rf1 64. Kg2 Rf5 65. Kg3 Ke5 66. Ra5+ Ke4
67. Ra4+ Ke5 68. Kg4 Rf1 69. Kg5 Rg1+ 70. Kh6 Kf5 71. Ra5+ Kf6 72. Ra6+ Kf5 73.
Ra8 Rg4 74. Rf8+ Ke4 75. h5 gxh5 76. Kxh5 Rg1 77. Rd8 Kf4 78. Rf8+ Ke3 79. Re8+
Kf4 80. Rf8+ Ke5 81. Re8+ Kf6 82. Re2 Rf1 83. Kg4 Rg1+ 84. Kf3 Rg5 85. Rf2 Ke5
86. Ke3 Rg3+ 87. Rf3 Rg8 88. Rf2 Rb8 89. Rc2 Rb3+ 90. Kd2 Kd4 91. Ra2 Rh3 92.
Ra4+ Kc5 93. Ra5+ Kb4 94. Rg5 Kb3 95. Re5 Kc4 96. Re4+ Kd5 97. Rg4 Ra3 98. Rh4
Ke5 99. Rh5+ Kd4 100. Rh4+ Kd5 101. Rh5+ Kc4 102. Rh4+ Kc5 103. Rh5+ Kd6 104.
Rh6+ Ke5 105. Rh5+ Kf4 106. Rh4+ Kg5 107. Rb4 Rf3 108. Rb5+ Kg4 109. Rb4+ Kg3
110. Ke2 Ra3 111. Rb8 Ra2+ 112. Ke3 Ra3+ 113. Ke2 1/2-1/2

[Event "ch-FRA Blitz Online Qual"]
[Site "Europe-Chess INT"]
[Date "2020.05.16"]
[Round "9"]
[White "Dazi, Adam"]
[Black "Labrande, Theodore"]
[Result "0-1"]
[WhiteElo "1336"]
[BlackElo "2077"]
[WhiteFideId "45106959"]
[BlackFideId "36045780"]
[EventDate "2020.05.16"]

1. e4 c5 2. Nf3 Nc6 3. d4 cxd4 4. Nxd4 Nf6 5. Nc3 e5 6. Nf3 Bb4 7. Bg5 h6 8. Bh4
Qa5 9. Qd3 Bxc3+ 10. Qxc3 Qxc3+ 11. bxc3 Nxe4 12. Bg3 Nxg3 13. fxg3 d5 14. Bb5
O-O 15. O-O-O e4 16. Bxc6 bxc6 17. Ne5 Bb7 18. c4 Rfe8 19. Nd7 Bc8 20. Nc5 Bg4
21. Rd4 Rad8 22. h3 Be2 23. cxd5 cxd5 24. Re1 Bb5 25. Red1 Bc4 26. a3 Rc8 27.
Nb7 Re6 28. Na5 Bd3 29. Rd2 Rc5 30. Nb3 Rc3 31. Kd1 Bc4 32. Nc5 Re8 33. a4 e3
34. R2d3 e2+ 35. Ke1 Rxc2 36. Rxc4 dxc4 37. Rd2 Rc1+ 38. Kf2 Rf1# 0-1

[Event "ch-FRA Blitz Online Qual"]
[Site "Europe-Chess INT"]
[Date "2020.05.16"]
[Round "9"]
[White "Paralieu, Maxime"]
[Black "Maccagnan, Tomas"]
[Result "1-0"]
[WhiteElo "1569"]
[BlackElo "1968"]
[WhiteFideId "45154171"]
[BlackFideId "26091763"]
[EventDate "2020.05.16"]

1. d4 Nf6 2. c4 c5 3. Nf3 cxd4 4. Nxd4 e5 5. Nb5 d5 6. cxd5 Bc5 7. e3 e4 8. N5c3
O-O 9. Be2 Nbd7 10. O-O Ne5 11. Nd2 Bf5 12. Qa4 Nxd5 13. Ndxe4 Nxc3 14. Nxc3 Qc7
15. Qf4 Bg6 16. Rd1 Rad8 17. Nd5 Qb8 18. b3 Bd6 19. Qh4 Nd3 20. Bxd3 Bxd3 21.
Rxd3 Qc8 22. Bb2 Qc2 23. Qd4 f6 24. Rc1 Qe2 25. Qc4 Kh8 26. Rdd1 Qh5 27. h3 Bb8
28. Qg4 Qf7 29. Nf4 Bxf4 30. Qxf4 Rde8 31. Qa4 Qg6 32. Qxa7 Re5 33. Bxe5 fxe5
34. Qxb7 Qf6 35. Qf3 Qe7 36. Qg4 Qf6 37. Qg3 Qa6 38. Rc2 Qe6 39. Rdc1 Qf5 40.
Rc5 1-0

[Event "ch-FRA Blitz Online Qual"]
[Site "Europe-Chess INT"]
[Date "2020.05.16"]
[Round "9"]
[White "Burgalat, Eliot"]
[Black "Menjra, Yanis"]
[Result "1-0"]
[WhiteElo "1963"]
[BlackElo "1489"]
[WhiteFideId "36068659"]
[BlackFideId "45155500"]
[EventDate "2020.05.16"]

1. Nf3 d5 2. d4 c6 3. c4 Nf6 4. Nc3 Bf5 5. e3 e6 6. Bd3 Bg6 7. O-O Nbd7 8. b3
Be7 9. Bb2 O-O 10. Ne5 Bxd3 11. Qxd3 Bd6 12. f4 Ne8 13. Rf3 f6 14. Rh3 f5 15.
Qe2 Bxe5 16. fxe5 g6 17. Rf1 Ng7 18. cxd5 cxd5 19. Nb5 a6 20. Nd6 Qc7 21. Rc1
Qb6 22. Qf2 Ne8 23. Qh4 h5 24. Qg5 Kh7 25. Qe7+ Ng7 26. Qxd7 Qb4 27. Qxb7 Qd2
28. Ba3 f4 29. Qb4 Qxa2 30. exf4 Rxf4 31. Rf3 Rxf3 32. gxf3 Qe2 33. Qc3 Rf8 34.
Rf1 Rf4 35. Bc1 Rh4 36. Rf2 Qd1+ 37. Kg2 Nf5 38. Nxf5 gxf5 39. Qd2 Qxd2 40. Bxd2
Rxd4 41. f4 Rd3 42. b4 Rb3 43. Rf3 Rb2 44. Rd3 h4 45. Kh3 Kg6 46. Kxh4 Kf7 47.
Kg5 Rb1 48. Rg3 Rb2 49. Bc3 Rxh2 50. Rg1 Rh8 51. Ra1 Rg8+ 52. Kh4 Rg4+ 53. Kh3
Rxf4 54. Rxa6 Rf3+ 55. Kh4 Rxc3 56. Kg5 Rc7 57. b5 Rb7 58. b6 Ke7 59. Ra7 Rd7
60. b7 Rxb7 61. Rxb7+ Kd8 62. Kf6 d4 63. Kxe6 d3 64. Rd7+ Ke8 65. Rxd3 f4 66.
Rf3 Kd8 67. Rxf4 Ke8 68. Rh4 Kd8 69. Kd6 Kc8 70. e6 Kb8 71. Rh7 Kc8 72. Rd7 Kb8
73. e7 1-0

[Event "ch-FRA Blitz Online Qual"]
[Site "Europe-Chess INT"]
[Date "2020.05.16"]
[Round "9"]
[White "Boulos, Carlos"]
[Black "Bag, Ayoub"]
[Result "0-1"]
[WhiteElo "2147"]
[BlackElo "1467"]
[WhiteFideId "5302749"]
[BlackFideId "551012308"]
[EventDate "2020.05.16"]

1. e4 e6 2. d4 d5 3. Nd2 dxe4 4. Nxe4 Nd7 5. Nf3 Ngf6 6. Bd3 Be7 7. O-O O-O 8.
Re1 b6 9. c3 Bb7 10. Ng3 c5 11. Bf4 cxd4 12. Nxd4 Nc5 13. Bc2 Qd5 14. f3 Qd8 15.
Qe2 Bd6 16. Be5 Bxe5 17. Qxe5 Qd5 18. Rad1 Qxe5 19. Rxe5 Rfd8 20. Ree1 Rd7 21.
Nb5 a6 22. Rxd7 Ncxd7 23. Nd6 Bd5 24. c4 Bc6 25. Rd1 Nc5 26. b4 Nb7 27. Nde4
Nxe4 28. Nxe4 Rd8 29. Rxd8+ Nxd8 30. a4 Bxe4 31. Bxe4 f5 32. Ba8 Kf8 33. b5 a5
34. c5 bxc5 35. b6 c4 36. Kf2 c3 37. Ke2 Ke7 38. Kd3 Kd6 39. Kxc3 Kc5 40. b7 Nc6
41. g4 Nb8 42. gxf5 exf5 43. h4 g6 44. f4 Nc6 45. b8=Q Nxb8 46. Bb7 Nc6 47. Bc8
Nd4 48. Bd7 Ne2+ 49. Kd2 Nxf4 50. Ke3 Nd5+ 0-1

[Event "ch-FRA Blitz Online Qual"]
[Site "Europe-Chess INT"]
[Date "2020.05.16"]
[Round "9"]
[White "Lauferon, Augustin"]
[Black "Saya, Ethan"]
[Result "0-1"]
[WhiteElo "1865"]
[BlackElo "2199"]
[WhiteFideId "20655177"]
[BlackFideId "26095181"]
[EventDate "2020.05.16"]

1. e4 e6 2. d4 d5 3. exd5 exd5 4. Nf3 Nf6 5. Bd3 Bd6 6. O-O O-O 7. Bg5 Bg4 8.
Nbd2 Nbd7 9. c3 c6 10. Qc2 Qc7 11. Rae1 Rfe8 12. Bh4 Bh5 13. Bg3 Bg6 14. Bxd6
Qxd6 15. Bxg6 hxg6 16. Rxe8+ Rxe8 17. Re1 Rxe1+ 18. Nxe1 Qe6 19. Ndf3 Ne4 20.
Qd3 g5 21. Nc2 g4 22. Nd2 Ndf6 23. Nxe4 Nxe4 24. Qe2 a5 25. Ne3 Nf6 26. Kf1 Qe4
27. Nc2 Qf4 28. g3 Qc1+ 29. Ne1 a4 30. Qc2 Qh6 31. Kg1 b5 32. Qf5 Qd2 33. Qc8+
Kh7 34. Qf5+ Kh6 35. Nd3 Ne4 36. Qf4+ Qxf4 37. Nxf4 a3 38. bxa3 Nxc3 39. Nd3
Ne2+ 40. Kf1 Nxd4 41. Kg2 Kg6 42. h3 gxh3+ 43. Kxh3 Kf5 44. Nc5 Nc2 45. a4 bxa4
46. Nxa4 Ke4 47. Kg2 d4 48. Nc5+ Kd5 49. Nd3 Kc4 50. Ne5+ Kc3 51. a4 d3 52. Nxd3
Kxd3 53. f4 c5 54. a5 Nb4 55. Kf3 Na6 56. g4 c4 57. g5 c3 58. g6 fxg6 59. f5
gxf5 60. Kf4 c2 61. Kxf5 c1=Q 62. Kg6 Qa3 63. Kxg7 Qxa5 64. Kg6 Nb4 0-1

[Event "ch-FRA Blitz Online Qual"]
[Site "Europe-Chess INT"]
[Date "2020.05.16"]
[Round "9"]
[White "Zachary, Bastian"]
[Black "Daurelle, Herve"]
[Result "1/2-1/2"]
[BlackTitle "FM"]
[WhiteElo "1923"]
[BlackElo "2205"]
[WhiteFideId "36019402"]
[BlackFideId "602655"]
[EventDate "2020.05.16"]

1. d4 Nf6 2. Bf4 d5 3. e3 c5 4. Nf3 e6 5. c3 Bd6 6. Bg3 Qc7 7. Bd3 Nbd7 8. Nbd2
e5 9. dxe5 Nxe5 10. Nxe5 Bxe5 11. Bxe5 Qxe5 12. Nf3 Qe7 13. O-O O-O 14. Re1 Bg4
15. h3 Bh5 16. Be2 Rad8 17. Qc2 Bg6 18. Qc1 Rfe8 19. Bb5 Nd7 20. c4 a6 21. Bxd7
Rxd7 22. cxd5 Rxd5 23. Qc3 Red8 24. Rac1 b5 25. a4 b4 26. Qc4 Bd3 27. Qf4 c4 28.
e4 Rc5 29. e5 b3 30. Nd4 Rc7 31. e6 f6 32. Nf5 Bxf5 33. Qxf5 c3 34. Rxc3 Rxc3
35. bxc3 b2 36. Rb1 Rb8 37. Qd5 g6 38. Qd7 Kf8 39. Qd2 Qxe6 40. Rxb2 Rxb2 41.
Qxb2 Qe1+ 42. Kh2 Qe5+ 43. g3 Kg7 44. Qb7+ Kh6 45. Qxa6 Qxc3 46. Kg2 Qd4 47. Kg1
Qd1+ 48. Kg2 Qd5+ 49. Kh2 Qd4 50. Qe2 Qxa4 51. Qe3+ Kg7 52. Qe7+ Kg8 53. Qxf6
Qe4 54. h4 Qd5 55. Qf4 Qe6 56. g4 Qe7 57. Kg3 Qa3+ 58. f3 Qb2 59. Qe4 Qb6 60.
Qd5+ Kg7 61. Qe5+ Kf7 62. Qf4+ Kg7 63. Qe5+ Kf7 64. Qd5+ Kg7 65. Qd7+ Kg8 66.
Qe8+ Kg7 67. Qe7+ Kg8 68. h5 Qg1+ 69. Kf4 Qh2+ 70. Kg5 Qd2+ 71. Kh4 Qh2+ 72. Kg5
Qd2+ 73. Kf6 Qf4+ 74. Ke6 Qe3+ 75. Kd7 Qd3+ 76. Ke8 Qb5+ 77. Qd7 Qb8+ 78. Ke7
Qb4+ 79. Qd6 Qb7+ 80. Ke6 Qf7+ 81. Ke5 Qxf3 82. Qd8+ Kg7 83. Qe7+ Kg8 84. Qg5
Qe2+ 85. Kd6 Qd3+ 86. Qd5+ Qxd5+ 87. Kxd5 gxh5 88. gxh5 Kg7 89. Ke4 Kh6 90. Kf4
Kxh5 91. Kg3 Kg5 92. Kh3 h5 93. Kg3 h4+ 94. Kh3 Kh5 95. Kh2 Kg4 96. Kg2 h3+ 97.
Kh2 Kh4 98. Kh1 Kg3 99. Kg1 h2+ 100. Kh1 Kh3 1/2-1/2

[Event "ch-FRA Blitz Online Qual"]
[Site "Europe-Chess INT"]
[Date "2020.05.16"]
[Round "9"]
[White "Nizard, Roger"]
[Black "Hasseine, Madiane"]
[Result "0-1"]
[WhiteElo "2144"]
[BlackElo "2157"]
[WhiteFideId "604569"]
[BlackFideId "45180482"]
[EventDate "2020.05.16"]

1. d4 d5 2. c4 c6 3. cxd5 cxd5 4. Nc3 Nf6 5. Bf4 Nc6 6. e3 e6 7. Bd3 a6 8. Rc1
Bd6 9. Bxd6 Qxd6 10. f4 O-O 11. Nf3 b5 12. Ne5 Bb7 13. Qf3 Ne7 14. g4 Rac8 15.
O-O Nd7 16. Qh3 g6 17. Qh6 f6 18. Nxg6 hxg6 19. Bxg6 Rf7 20. Bxf7+ Kxf7 21. Qh5+
Kg7 22. Qh3 Rh8 23. Qg3 Ng6 24. f5 Qxg3+ 25. hxg3 exf5 26. Rxf5 Ne7 27. Rf4 Nb6
28. b3 Rc8 29. Ne2 Rxc1+ 30. Nxc1 Ng6 31. Rf2 Bc8 32. Rc2 Ne7 33. Rc7 Kf8 34.
Nd3 Ke8 35. Nf2 Kd8 36. Rc1 Be6 37. Kg2 Kd7 38. Kf3 Nc6 39. Nd3 Kd6 40. Nc5 Bc8
41. Rh1 Nd7 42. Nxd7 Bxd7 43. Rh6 Ke7 44. Kf4 Nb4 45. Rh2 a5 46. g5 Nd3+ 47. Kf3
fxg5 48. a3 g4+ 49. Kg2 Nc1 50. b4 axb4 51. axb4 Nd3 52. Rh5 Kd6 53. Rh6+ Kc7
54. Rh5 Nxb4 55. Kf2 Kd6 56. Ke2 Nc6 57. Kd2 b4 58. Kc2 Be6 59. Kb3 Na5+ 60.
Kxb4 Nc4 61. Kc3 Nxe3 62. Rh2 Bf5 63. Kd2 Nf1+ 64. Ke2 Nxh2 65. Kf2 Be4 66. Ke3
Nf3 67. Kf4 Nxd4 68. Kxg4 Nf5 69. Kf4 Nxg3 70. Kxg3 Ke5 71. Kf2 Kd4 72. Ke1 Ke3
73. Kd1 d4 74. Ke1 d3 75. Kd1 Bf3+ 76. Ke1 d2+ 0-1

[Event "ch-FRA Blitz Online Qual"]
[Site "Europe-Chess INT"]
[Date "2020.05.16"]
[Round "9"]
[White "Chabradze, Boris"]
[Black "Ludwiczak, Virginie"]
[Result "1/2-1/2"]
[WhiteElo "2101"]
[BlackElo "1875"]
[WhiteFideId "13603019"]
[BlackFideId "20655592"]
[EventDate "2020.05.16"]

1. e4 e5 2. Nf3 Nc6 3. Nc3 Bc5 4. Nxe5 Bxf2+ 5. Kxf2 Nxe5 6. d4 Ng6 7. Bc4 Nf6
8. Rf1 O-O 9. Kg1 d6 10. Qd3 c5 11. Be3 Be6 12. Rad1 Rc8 13. Bxe6 fxe6 14. dxc5
dxc5 15. Qc4 Qe7 16. a4 b6 17. Bg5 h6 18. Bxf6 Rxf6 19. Rxf6 Qxf6 20. Rf1 Qd4+
21. Qxd4 cxd4 22. Nb5 Rxc2 23. Nxd4 Rxb2 24. Nxe6 Rb4 25. Ra1 Rxe4 26. Nc7 Re2
27. a5 Rc2 28. Nb5 bxa5 29. Nxa7 Nf4 30. g3 Nh3+ 31. Kh1 Ng5 32. Rxa5 Nf3 33.
Rh5 Kh7 34. g4 g6 35. Rh3 Ne5 36. Rg3 Kg7 37. Nb5 Kf6 38. Nd4 Rb2 39. Nf3 Nd3
40. g5+ hxg5 41. Nxg5 Nf4 42. Nf3 Rb1+ 43. Rg1 Rxg1+ 44. Kxg1 g5 45. Kf2 Kf5 46.
Nd4+ Ke4 47. Ne2 Ne6 48. Kg3 Ke3 49. Ng1 Ke4 50. Kg4 Ke5 51. Nf3+ Kf6 52. h3 Nf4
53. Nxg5 Nxh3 1/2-1/2

[Event "ch-FRA Blitz Online Qual"]
[Site "Europe-Chess INT"]
[Date "2020.05.16"]
[Round "9"]
[White "Vine, Thibaut"]
[Black "Robert, Mathias"]
[Result "0-1"]
[WhiteElo "1837"]
[BlackElo "2140"]
[WhiteFideId "20654227"]
[BlackFideId "26066769"]
[EventDate "2020.05.16"]

1. e4 d5 2. exd5 Qxd5 3. Nc3 Qa5 4. d4 Nf6 5. Nf3 Nc6 6. Bc4 Bg4 7. Be3 e6 8. a3
O-O-O 9. h3 Qh5 10. O-O Bxf3 11. Qxf3 Qxf3 12. gxf3 Nxd4 13. Bxd4 Rxd4 14. Bd3
Bc5 15. Ne2 Rd7 16. Nc3 Rhd8 17. Ne4 Nxe4 18. fxe4 Bd4 19. Rab1 c5 20. Kg2 a6
21. f4 Kc7 22. Kf3 b5 23. b3 Bc3 24. a4 Kc6 25. axb5+ axb5 26. e5 Rd4 27. Be4+
Kb6 28. Bd3 g6 29. h4 h5 30. Ke3 Kc6 31. Be4+ Kc7 32. Bd3 c4 33. bxc4 bxc4 34.
Be4 Bd2+ 35. Kf3 Rb8 36. Rxb8 Kxb8 37. Rb1+ Kc8 38. Ra1 Kd8 39. Ra8+ Ke7 40. Rc8
c3 41. Rc7+ Rd7 42. Rc4 Ra7 43. Bd3 Kf8 44. Rc8+ Kg7 45. Rc4 Ra1 46. Be2 Rh1 47.
Kg3 Be1+ 48. Kg2 Rxh4 49. Kf1 Bd2 50. Kg2 Rxf4 51. Rxf4 Bxf4 52. Bd3 Bxe5 0-1

[Event "ch-FRA Blitz Online Qual"]
[Site "Europe-Chess INT"]
[Date "2020.05.16"]
[Round "9"]
[White "Djidjeli, Sofiane"]
[Black "Vallee, Louis"]
[Result "1-0"]
[WhiteElo "2209"]
[BlackElo "1864"]
[WhiteFideId "36067520"]
[BlackFideId "45103291"]
[EventDate "2020.05.16"]

1. e4 e5 2. Nf3 Nc6 3. d4 exd4 4. Nxd4 Nf6 5. Nc3 Bb4 6. Nxc6 bxc6 7. Bd3 O-O 8.
O-O d5 9. exd5 cxd5 10. Qf3 Bb7 11. Bg5 Re8 12. a3 Be7 13. Rad1 h6 14. Bxf6 Bxf6
15. Rfe1 Rxe1+ 16. Rxe1 Qd7 17. h3 Re8 18. Rxe8+ Qxe8 19. Qf5 Qe1+ 20. Kh2 Qe5+
21. f4 Qxf5 22. Bxf5 g6 23. Bd3 Kf8 24. Kg3 Ke7 25. Kf3 d4+ 26. Ne4 Bg7 27. Kf2
Bxe4 28. Bxe4 d3 29. Bxd3 Bxb2 30. a4 Kd6 31. Kf3 Bg7 32. g4 Kd5 33. Bb5 a5 34.
Be8 Ke6 35. Ke3 Ke7 36. Bb5 Kd6 37. Ke4 Bb2 38. Bc4 f6 39. Bf7 g5 40. fxg5 fxg5
41. Kf5 Ke7 42. Bc4 Kf8 43. Ke6 Ba3 44. Bd3 Kg7 45. Be4 Bd6 46. c4 Bb4 47. Kd5
Kf6 48. Kc6 Bd6 49. Kb5 Ke5 50. Bd5 1-0

[Event "ch-FRA Blitz Online Qual"]
[Site "Europe-Chess INT"]
[Date "2020.05.16"]
[Round "9"]
[White "Jacquot, David"]
[Black "Nicolas, Guillaume"]
[Result "0-1"]
[WhiteElo "1830"]
[BlackElo "2143"]
[WhiteFideId "20624093"]
[BlackFideId "20646607"]
[EventDate "2020.05.16"]

1. d4 Nf6 2. Nf3 d5 3. Bg5 Ne4 4. Bf4 Bf5 5. Nbd2 c6 6. e3 e6 7. c3 Bd6 8. Ne5
O-O 9. Be2 f6 10. Nef3 Bxf4 11. exf4 Nd7 12. Nxe4 Bxe4 13. Bd3 Bxf3 14. Qxf3 e5
15. Bc2 exd4 16. O-O dxc3 17. bxc3 Nc5 18. Rfe1 Re8 19. Qh5 Ne4 20. f3 Qb6+ 21.
Kh1 Nf2+ 22. Kg1 Nh3+ 0-1

[Event "ch-FRA Blitz Online Qual"]
[Site "Europe-Chess INT"]
[Date "2020.05.16"]
[Round "9"]
[White "Mallevaey, Guillaume"]
[Black "Lambert, Adrien"]
[Result "0-1"]
[WhiteElo "1823"]
[BlackElo "2123"]
[WhiteFideId "26026120"]
[BlackFideId "624772"]
[EventDate "2020.05.16"]

1. c4 g6 2. g3 Bg7 3. Bg2 d6 4. Nc3 Nf6 5. e4 O-O 6. Nge2 c5 7. O-O Nc6 8. Rb1
Rb8 9. a3 a6 10. a4 Ne8 11. d3 Nc7 12. Nd5 b5 13. axb5 axb5 14. Nxc7 Qxc7 15.
cxb5 Rxb5 16. Be3 Qb6 17. Nc3 Rxb2 18. Rxb2 Qxb2 19. Na4 Qa3 20. Qc2 Ba6 21. Rd1
Nb4 0-1

[Event "ch-FRA Blitz Online Qual"]
[Site "Europe-Chess INT"]
[Date "2020.05.16"]
[Round "9"]
[White "Schippke, Manon"]
[Black "Richard, Emma"]
[Result "0-1"]
[BlackTitle "WFM"]
[WhiteElo "1873"]
[BlackElo "2160"]
[WhiteFideId "45100446"]
[BlackFideId "657590"]
[EventDate "2020.05.16"]

1. e4 c5 2. Nf3 Nc6 3. g3 g6 4. Bg2 Bg7 5. O-O d6 6. d3 Nf6 7. Re1 O-O 8. c3 Bg4
9. h3 Bd7 10. d4 cxd4 11. cxd4 Rc8 12. Nc3 a6 13. Bf4 Nh5 14. Be3 e5 15. d5 Ne7
16. Qd2 f5 17. Bh6 f4 18. Bxg7 Kxg7 19. g4 Nf6 20. Rac1 Neg8 21. Nh2 g5 22. f3
h5 23. Qf2 hxg4 24. hxg4 Nh6 25. Nf1 Nf7 26. Nd2 Rh8 27. Ne2 Ra8 28. Nc4 Bxg4
29. fxg4 Nxg4 30. Qb6 Qe7 31. Nd2 Ne3 32. Rc7 Qf6 33. Qxb7 Nxg2 34. Kxg2 g4 35.
Nc3 f3+ 36. Kf1 Rh1+ 37. Kf2 Rh2+ 38. Kg1 Rg2+ 39. Kf1 Rf8 40. Nd1 Qh4 41. Ne3
Qh1# 0-1

[Event "ch-FRA Blitz Online Qual"]
[Site "Europe-Chess INT"]
[Date "2020.05.16"]
[Round "9"]
[White "Rodriguez Rodriguez, Antonio"]
[Black "Rousseau, Matthieu"]
[Result "1-0"]
[WhiteTitle "FM"]
[WhiteElo "2112"]
[BlackElo "1862"]
[WhiteFideId "2219255"]
[BlackFideId "26049724"]
[EventDate "2020.05.16"]

1. d4 d5 2. Nf3 Bf5 3. Bg5 Nf6 4. e3 e6 5. Nbd2 Nbd7 6. Bd3 Bxd3 7. cxd3 h6 8.
Bh4 Bd6 9. O-O O-O 10. e4 Be7 11. Qe2 c6 12. h3 Re8 13. Bg3 Qb6 14. Rab1 Bb4 15.
Rfd1 Bxd2 16. Rxd2 Qa6 17. b4 dxe4 18. dxe4 Qxe2 19. Rxe2 Nb6 20. Bh4 g5 21. Bg3
Rad8 22. Rd1 Na4 23. Re3 c5 24. Ra3 Nxe4 25. Rxa4 Nc3 26. Rxa7 Nxd1 27. bxc5 Ra8
28. Rxb7 Rxa2 29. Ne5 Ra1 30. Kh2 Ra2 31. Nxf7 Nxf2 32. Nxh6+ Kh8 33. Be5# 1-0

[Event "ch-FRA Blitz Online Qual"]
[Site "Europe-Chess INT"]
[Date "2020.05.16"]
[Round "9"]
[White "Ratsavong, Moukda"]
[Black "Morais, Mario"]
[Result "0-1"]
[WhiteElo "1789"]
[BlackElo "2061"]
[WhiteFideId "632872"]
[BlackFideId "614270"]
[EventDate "2020.05.16"]

1. e4 c5 2. Nf3 e6 3. g3 a6 4. Bg2 b5 5. d4 cxd4 6. Nxd4 Bb7 7. O-O Qc7 8. Nc3
d6 9. a3 Nd7 10. Kh1 Ngf6 11. f4 Be7 12. Be3 Nc5 13. e5 Bxg2+ 14. Kxg2 dxe5 15.
fxe5 Qxe5 16. Bf4 Qh5 17. Qe1 O-O 18. Rd1 Rad8 19. Nc6 Rde8 20. Nxe7+ Rxe7 21.
Bd6 Ree8 22. Bxf8 Rxf8 23. h3 h6 24. Qe3 Rc8 25. Rfe1 Qf5 26. Qf2 Qg5 27. Qf4
Qg6 28. Rd2 Nh5 29. Qg4 Qxg4 30. hxg4 Nf6 31. Kf3 Nb7 32. Red1 Kh7 33. Rd4 Kg6
34. Kf4 Na5 35. Rd8 Rc7 36. Ra8 Rc6 37. Ne4 Nd5+ 38. Kf3 Rxc2 39. Rd3 Nc4 40.
Rxa6 Ne5# 0-1

[Event "ch-FRA Blitz Online Qual"]
[Site "Europe-Chess INT"]
[Date "2020.05.16"]
[Round "9"]
[White "Kollar, Romain"]
[Black "Joly, Fabrice"]
[Result "1-0"]
[WhiteElo "2205"]
[BlackElo "1957"]
[WhiteFideId "36017981"]
[BlackFideId "612235"]
[EventDate "2020.05.16"]

1. e4 c5 2. Nf3 Nc6 3. d4 cxd4 4. Nxd4 Qb6 5. Nb3 Nf6 6. Nc3 e6 7. Be3 Qc7 8.
Qf3 a6 9. O-O-O Be7 10. g3 d6 11. Qe2 O-O 12. f4 b5 13. Bg2 Bb7 14. g4 Rac8 15.
g5 Nd7 16. Kb1 Na5 17. Rhf1 Nc4 18. Bc1 Nc5 19. Nd4 Nd7 20. Rd3 Nc5 21. Rh3 g6
22. f5 exf5 23. Nxf5 Bd8 24. Nh6+ Kg7 25. Nd5 Bxd5 26. exd5 Na4 27. Qe4 Ne5 28.
c3 Nb6 29. Qh4 Kh8 30. Ng4 h5 31. Nxe5 dxe5 32. Qe4 Kg7 33. Bf3 Nc4 34. Re1 Be7
35. Bxh5 Qd6 36. Bg4 Rcd8 37. b3 Nb6 38. Bf3 Nxd5 39. Qc2 Nb6 40. Be4 Qe6 41.
Rd3 Rxd3 42. Qxd3 Rd8 43. Qe3 Rd7 44. Bb2 Nc8 45. Qf2 Nd6 46. Bc2 e4 47. c4+ Kg8
48. Qh4 1-0

[Event "ch-FRA Blitz Online Qual"]
[Site "Europe-Chess INT"]
[Date "2020.05.16"]
[Round "9"]
[White "Laville, Renaud"]
[Black "Linnemer, Laurent"]
[Result "1-0"]
[WhiteElo "1774"]
[BlackElo "2163"]
[WhiteFideId "640247"]
[BlackFideId "651095"]
[EventDate "2020.05.16"]

1. d4 Nf6 2. Bf4 c5 3. d5 d6 4. Nc3 g6 5. e4 Bg7 6. h3 O-O 7. Nf3 a6 8. a4 b6 9.
Be2 Nbd7 10. O-O h6 11. Nd2 Ne8 12. Bg3 Rb8 13. f4 Bd4+ 14. Kh1 e5 15. dxe6 fxe6
16. Bc4 Ndf6 17. f5 Ng7 18. Nf3 gxf5 19. Nxd4 cxd4 20. Qxd4 Nfe8 21. exf5 Nxf5
22. Qg4+ Kh7 23. Bd3 Rb7 24. Bh4 Qd7 25. Ne4 d5 26. Ng3 Qg7 27. Qxg7+ Rxg7 28.
Nxf5 exf5 29. Rae1 Kg8 30. Bf2 Nd6 31. Bxb6 Ne4 32. Bc5 Re8 33. Bxe4 fxe4 34.
Be3 Rg6 35. Rf4 Bb7 36. Ref1 Re7 37. Rf8+ Kg7 38. Bd4+ Kh7 39. Rh8# 1-0

[Event "ch-FRA Blitz Online Qual"]
[Site "Europe-Chess INT"]
[Date "2020.05.16"]
[Round "9"]
[White "Mekhane, Adam"]
[Black "Meillon, Judicael"]
[Result "1-0"]
[WhiteElo "2013"]
[BlackElo "2063"]
[WhiteFideId "36050601"]
[BlackFideId "36044288"]
[EventDate "2020.05.16"]

1. e4 e5 2. Nf3 d6 3. d4 Nd7 4. Nc3 Ngf6 5. Bc4 Be7 6. O-O O-O 7. h3 a6 8. a4 c6
9. a5 Qc7 10. Be3 Rb8 11. Qe2 exd4 12. Nxd4 Ne5 13. Bb3 c5 14. Nf5 Bxf5 15. exf5
c4 16. Bb6 Qd7 17. Bxc4 Nxc4 18. Qxc4 Qxf5 19. Qe2 Rfe8 20. Rfe1 d5 21. Qd2 Bd6
22. Rxe8+ Rxe8 23. Rd1 h6 24. Be3 Qe5 25. g3 Qf5 26. Kh2 Qf3 27. Re1 h5 28. Qe2
Qxe2 29. Rxe2 h4 30. Kg2 hxg3 31. fxg3 Bb4 32. Bd4 Rxe2+ 33. Nxe2 Bxa5 34. Nf4
Ne4 35. Nxd5 f6 36. c3 Kf7 37. Nf4 g5 38. Nd3 Ke6 39. Nc5+ Nxc5 40. Bxc5 f5 41.
h4 gxh4 42. gxh4 Kd5 43. Bd4 Bd8 44. h5 Ke6 45. h6 Bf6 46. h7 Bg7 47. Bxg7 1-0

[Event "ch-FRA Blitz Online Qual"]
[Site "Europe-Chess INT"]
[Date "2020.05.16"]
[Round "9"]
[White "Hamon, Christian"]
[Black "Villeneuve, Samuel"]
[Result "0-1"]
[WhiteElo "2015"]
[BlackElo "1807"]
[WhiteFideId "614327"]
[BlackFideId "20642105"]
[EventDate "2020.05.16"]

1. Nf3 d5 2. g3 Nf6 3. Bg2 Bf5 4. O-O e6 5. d4 Be7 6. b3 Nbd7 7. Bb2 Ne4 8. Nbd2
Ndf6 9. Ne5 h5 10. Nxe4 Nxe4 11. f3 Nd6 12. e4 dxe4 13. fxe4 Bg4 14. Qd2 f6 15.
Ng6 Rh6 16. Nxe7 Qxe7 17. e5 fxe5 18. dxe5 Nf5 19. Bxb7 Rb8 20. Bc6+ Kf8 21. a4
Qc5+ 22. Bd4 Qxc6 23. b4 Kg8 24. b5 Qd5 25. c3 h4 26. Qf4 Bh3 27. Rf2 hxg3 28.
hxg3 Rg6 29. Kh2 Rxg3 30. Rg1 Rxg1 31. Kxg1 Rf8 32. Qg5 Nxd4 33. Rxf8+ Kxf8 34.
cxd4 Qxd4+ 35. Kh2 Bf5 36. Qg3 Qxa4 37. Qc3 Qxb5 38. Qxc7 Qe2+ 39. Kg3 Qe3+ 40.
Kh2 Qh3+ 41. Kg1 Qe3+ 42. Kh2 Qb6 43. Qc8+ Kf7 44. Qd7+ Kg6 45. Qd2 Qc5 46. Qe2
a5 47. Qg2+ Kf7 48. Qb7+ Kg8 49. Qb8+ Qf8 50. Qb5 Qb4 51. Qe8+ Qf8 52. Qa4 g5
53. Kg3 Qh6 54. Qe8+ Qf8 55. Qb5 Kh7 56. Qxa5 Qh6 0-1